01468cam a22003857a 4500003000500000005001700005008004100022010001000063011001000073035001000083040000900093090001000102100004400112245015100156260004100307300002000348502011300368590003700481590004100518590004100559590004100600590004200641650002100683650003300704650001800737650003700755650002800792650002800820901000700848905002400855942001000879949004900889999001700938952012700955CHAP20220817043753.0010517d2000 mx r 00110 spa d a83925 a84897 a95423 cCHAP aTesis00aFigueroa Campero, Mario Alberto.94080010aMétodos de establecimiento de siete especies de leguminosas forrajeras en el municipio de Huhuetan, Chiapasc/por Mario Alberto Figueroa Campero aHuehuetan, Chis. :bEl autor,c2000. a76 h. ;btablas aTesis (Ing. Agr. Tropical) - - Universidad Autónoma de Chiapas. Facultad de Ciencias Agrícolas Campus IV aALEPHb10c20130110lUCH01h1442 aBATCH-UPDb10c20130109lUCH01h2357 aBATCH-UPDb10c20130110lUCH01h0357 aBATCH-UPDb10c20130110lUCH01h1858 aCONVERSIONb10c20130109lUCH01h134714aCajanus indicus.14aCanavalia ensiformes.91828714aKudzu.96403114aLeguminosasxRendimiento.96584914aMucuna pruriens.97926014aPhaseolus aurus.987772 aBK aMayto Villalobos S. cTESIS aTesisbBCcTESd954231eTS1h38079i95423sb c83925d83925 00102local4051708TESISaBCbBCcPA_TESISd2019-12-31fTESISl0oTesisp954231r2019-12-31 00:00:00w2019-12-31yTESIS